00298nam a22001097a 4500082002500000100001900025245003200044260003700076300003000113526003700143650000800180 a624.1821bRAMc24717 aRamamrutham, S aDesign of Steel Structures. aDelhibMehran Offset Pressc1988 aiv, 671p. :bill. :c6 Cm a0b0c0d624_182100000000000_RAM aMCE